000 00313nam a22001217a 4500
999 _c153921
_d153921
082 _a
_b
100 _aSivasankaran Nair K
245 _aEarly history of kerala upto AD 1500/
_cby Sivasankaran Nair K.
260 _aThiruvanthapuram:
_bKerala University,
_c2010.
300 _a296p.
650 _a
942 _cBK